|
|
|
|
| LEADER |
00000naa2a2200000 4500 |
| 001 |
183338 |
| 005 |
20251205144225.0 |
| 035 |
|
|
|a (RuTPU)RU\TPU\book\198749
|
| 090 |
|
|
|a 183338
|
| 100 |
|
|
|a 20100714d2004 k y0rusy50 ca
|
| 101 |
0 |
|
|a rus
|
| 102 |
|
|
|a RU
|
| 200 |
1 |
|
|a Реализация подсистемы семантического аннотирования в системах управления знаниями, основанных на онтологии
|f Д. В. Бубнов, С. В. Козлов
|
| 461 |
|
1 |
|0 (RuTPU)RU\TPU\book\66154
|t Современные техника и технологии
|o X Юбилейная международная научно-практическая конференция студентов, аспирантов и молодых ученых, посвященная 400-летию г. Томска, Томск, 29 марта - 2 апреля 2004 г.
|o труды
|f Томский политехнический университет
|d 2004
|
| 463 |
|
0 |
|0 (RuTPU)RU\TPU\book\65883
|t Т. 2
|v С. 120-121
|d 2004
|
| 610 |
1 |
|
|a семантическое аннотирование
|
| 610 |
1 |
|
|a подсистемы
|
| 610 |
1 |
|
|a системы управления
|
| 610 |
1 |
|
|a знания
|
| 610 |
1 |
|
|a онтология
|
| 610 |
1 |
|
|a труды учёных ТПУ
|
| 700 |
|
1 |
|a Бубнов
|b Д. В.
|
| 701 |
|
1 |
|a Козлов
|b С. В.
|
| 801 |
|
1 |
|a RU
|b 63413507
|c 20100714
|
| 801 |
|
2 |
|a RU
|b 63413507
|c 20140326
|g RCR
|
| 942 |
|
|
|c BK
|